000 00775nam a2200121Ia 4500
008 220615s9999||||xx |||||||||||||| ||und||
245 0 _aArea-wide Integrated Pest Management
_bDevelopment and Field Application
546 _aEnglish[eng]
650 _aConservation of the environment||Biology, life sciences||Insects (entomology)||Environmental science, engineering and technology||Zoology: invertebrates||Botany and plant sciences||Agriculture and farming
700 _aHendrichs, Jorge||Pereira, Rui||Vreysen, Marc J.B.
856 _uhttps://library.oapen.org/bitstream/20.500.12657/49730/1/9781000393460.pdf||https://library.oapen.org/bitstream/20.500.12657/49730/1/9781000393460.pdf||https://library.oapen.org/bitstream/20.500.12657/49730/1/9781000393460.pdf
942 _cEB
999 _c18496
_d18496